|
|
|
|
| LEADER |
00000nam2a2200000 4500 |
| 001 |
345790 |
| 005 |
20231102005820.0 |
| 035 |
|
|
|a (RuTPU)RU\TPU\book\377643
|
| 035 |
|
|
|a RU\TPU\book\377526
|
| 090 |
|
|
|a 345790
|
| 100 |
|
|
|a 20210325d2020 k y0rusy50 ca
|
| 101 |
0 |
|
|a rus
|a eng
|
| 102 |
|
|
|a RU
|
| 105 |
|
|
|a a z 001zy
|
| 200 |
0 |
|
|a № 4 (80)
|
| 210 |
|
|
|d 2020
|
| 215 |
|
|
|a 200 с.
|c ил.
|
| 320 |
|
|
|a Библиография в конце статей
|
| 461 |
|
1 |
|0 (RuTPU)RU\TPU\book\44599
|t Научный вестник НГТУ
|o [сборник статей]
|f Новосибирский государственный технический университет
|v № 4 (80)
|d 1998-2020
|
| 606 |
1 |
|
|a Технические системы
|x Автоматика
|2 stltpush
|3 (RuTPU)RU\TPU\subj\67451
|9 83244
|
| 610 |
1 |
|
|a информатика
|
| 610 |
1 |
|
|a вычислительная техника
|
| 610 |
1 |
|
|a управление
|
| 610 |
1 |
|
|a приборостроение
|
| 610 |
1 |
|
|a метрология
|
| 610 |
1 |
|
|a информационно-измерительные приборы
|
| 610 |
1 |
|
|a информационно-измерительные системы
|
| 610 |
1 |
|
|a искусственный интеллект
|
| 610 |
1 |
|
|a использование
|
| 610 |
1 |
|
|a энергосбытовые компании
|
| 610 |
1 |
|
|a электропотребление
|
| 610 |
1 |
|
|a прогнозирование
|
| 610 |
1 |
|
|a электрические сети
|
| 610 |
1 |
|
|a распределенная генерация
|
| 610 |
1 |
|
|a предельные режимы
|
| 610 |
1 |
|
|a определение
|
| 610 |
1 |
|
|a математические модели
|
| 610 |
1 |
|
|a функционально-потоковое параллельное программирование
|
| 610 |
1 |
|
|a язык
|
| 610 |
1 |
|
|a промежуточные представления
|
| 610 |
1 |
|
|a потоки управления
|
| 610 |
1 |
|
|a графы
|
| 610 |
1 |
|
|a оптимизация
|
| 610 |
1 |
|
|a сложные технические системы
|
| 610 |
1 |
|
|a непараметрическая идентификация
|
| 610 |
1 |
|
|a производственный план
|
| 610 |
1 |
|
|a составление
|
| 610 |
1 |
|
|a многовариантные системы
|
| 610 |
1 |
|
|a алгоритмы
|
| 610 |
1 |
|
|a домашние животные
|
| 610 |
1 |
|
|a мониторирование
|
| 610 |
1 |
|
|a программно-аппаратные комплексы
|
| 610 |
1 |
|
|a дихотомия
|
| 610 |
1 |
|
|a линейные объекты
|
| 610 |
1 |
|
|a нейронные регуляторы
|
| 610 |
1 |
|
|a синтез
|
| 610 |
1 |
|
|a функции Лоренца
|
| 610 |
1 |
|
|a индексы Джини
|
| 675 |
|
|
|a 681.51
|v 4
|
| 801 |
|
1 |
|a RU
|b 63413507
|c 20170831
|
| 801 |
|
2 |
|a RU
|b 63413507
|c 20231009
|g RCR
|
| 942 |
|
|
|c BK
|